| 000 | 00888nmm a2200277 a 4500 | ||
|---|---|---|---|
| 001 | ocm000891612 | ||
| 003 | TR-IsHL | ||
| 005 | 20201028144641.0 | ||
| 008 | 141121s2013 tu tur | ||
| 007 | cr cn | ||
| 020 | _a9786051430812 | ||
| 035 |
_a891612 _b(N$T) |
||
| 050 | 0 | 4 |
_aPT8951.29.T38 _bD46 2013 |
| 090 | 0 | 4 |
_aPT8951.29.T38 _bD46 2013 |
| 100 | 1 | _aSteen, Thorvald | |
| 245 | 1 | 0 |
_aDenge _h[electronic resource] / _cThorvald Steen ; çeviren Selma May |
| 260 |
_aİstanbul : _bKafekültür Yayıncılık, _c2013 |
||
| 300 | _a234 p. | ||
| 650 | 4 | _aDil ve Edebiyat | |
| 650 | 4 | _aLanguage and Literature | |
| 650 | 0 | _aNorveç romanı | |
| 650 | 0 | _aNorwegian fiction | |
| 650 | 7 |
_aLITERARY COLLECTIONS / European / Scandinavian _2bisacsh |
|
| 700 | 1 | _aMay, Selma | |
| 856 | 4 | 0 | _uhttp://search.ebscohost.com/login.aspx?direct=true&scope=site&db=e011xww&AN=891612 |
| 999 |
_c9537 _d9537 |
||